Полиморфизм молекулярных кристаллов: пер. с англ.

Dettagli Bibliografici
Autore principale: Бернштейн Дж. Джоэль
Riassunto:Книга известного израильского ученого, профессора университета г. Бер-Шева Дж. Бернштейна, одного из наиболее известных признанных специалистов в области полиморфизма, является уникальным изданием, охватывающим самые различные вопросы, связанные с этим явлением. Огромное число литературных источников (около 1500), использованных автором, позволило ему суммировать накопленные данные по этой междисциплинарной проблеме и обозначить наиболее важные вопросы. Ранее подобные исчерпывающие монографии, четко определяющие роль и место полиморфизма в современной науке, не публиковались. Несмотря на высокий научный уровень обсуждения явления полиморфизма, книга написана живым и доступным языком. Для специалистов, начинающих исследователей, может быть использована студентами в качестве пособия для следующих курсов лекций: строение вещества, структурная химия, химическая кристаллография, кристаллофизика, фармакология.
Lingua:russo
Pubblicazione: Москва, Наука, 2007
Soggetti:
Natura: MixedMaterials Libro
KOHA link:https://koha.lib.tpu.ru/cgi-bin/koha/opac-detail.pl?biblionumber=137353

MARC

LEADER 00000nam0a2200000 4500
001 137353
005 20231101220657.0
010 |a 9785020357297 
035 |a (RuTPU)RU\TPU\book\148850 
090 |a 137353 
100 |a 20080508d2007 km y0rusy50 ca 
101 1 |a rus  |c eng 
102 |a RU 
105 |a a z 001zy 
200 1 |a Полиморфизм молекулярных кристаллов  |e пер. с англ.  |f Дж. Бернштейн 
210 |a Москва  |c Наука  |d 2007 
215 |a 500 с.  |c ил. 
320 |a Литература: с. 411-497. 
320 |a Предметный указатель: с. 498-507. 
330 |a Книга известного израильского ученого, профессора университета г. Бер-Шева Дж. Бернштейна, одного из наиболее известных признанных специалистов в области полиморфизма, является уникальным изданием, охватывающим самые различные вопросы, связанные с этим явлением. Огромное число литературных источников (около 1500), использованных автором, позволило ему суммировать накопленные данные по этой междисциплинарной проблеме и обозначить наиболее важные вопросы. Ранее подобные исчерпывающие монографии, четко определяющие роль и место полиморфизма в современной науке, не публиковались. Несмотря на высокий научный уровень обсуждения явления полиморфизма, книга написана живым и доступным языком. Для специалистов, начинающих исследователей, может быть использована студентами в качестве пособия для следующих курсов лекций: строение вещества, структурная химия, химическая кристаллография, кристаллофизика, фармакология. 
606 1 |a Кристаллы молекулярные  |x (кристаллохимия)  |2 stltpush  |3 (RuTPU)RU\TPU\subj\80304  |9 88029 
606 1 |a Кристаллы  |x Полиморфизм  |2 stltpush  |3 (RuTPU)RU\TPU\subj\80317  |9 88042 
610 1 |a молекулярные кристаллы 
610 1 |a полиморфизм 
610 1 |a полиморфные соединения 
610 1 |a термодинамика 
610 1 |a кинематика 
610 1 |a полиморфы 
610 1 |a получение 
610 1 |a конформационный полиморфизм 
610 1 |a корреляция 
610 1 |a лекарственные препараты 
610 1 |a красители 
610 1 |a пигменты 
610 1 |a высокоэнергетические материалы 
610 1 |a патенты 
610 1 |a структурная химия 
610 1 |a кристаллография 
610 1 |a кристаллофизика 
610 1 |a фармакология 
675 |a 548.312  |v 3 
675 |a 548.33  |v 3 
700 1 |a Бернштейн  |b Дж.  |g Джоэль 
801 1 |a RU  |b 63413507  |c 20080508 
801 2 |a RU  |b 63413507  |c 20200818  |g RCR 
942 |c BK